| 000 | 00671nam a22002537a 4500 | ||
|---|---|---|---|
| 001 | 000769 | ||
| 003 | DO-SdBNP | ||
| 005 | 20171128102542.0 | ||
| 007 | 000769 | ||
| 008 | 161129b 1998 sp a ||||| |||| 00| 0 spa d | ||
| 020 | _a0001360825 | ||
| 020 | _a9780001360822 | ||
| 040 |
_aBPMSU _bspa _cBPMSU |
||
| 082 |
_axxxx _bxxxx |
||
| 100 | 1 | _aBlyton, Enid | |
| 245 | 1 | 0 |
_aBig-Ears to the rescue / _cEnid Blyton. |
| 260 |
_aLondon : _bCollins, _c1998. |
||
| 300 |
_a32 p. : _bil. ; _c25 cm. |
||
| 490 | 1 | _aToyland stories. | |
| 830 | 0 | _aToyland stories. | |
| 942 |
_2ddc _cBK |
||
| 945 | _aInventariado 2017 /LP | ||
| 956 |
_2LOPEREZ _310 _620161130 _8BPMSU _a00041 |
||
| 999 |
_c12175 _d12175 |
||